3文字のポケモン - Statistics

General Stats
  • This quiz has been taken 676 times
  • The average score is 21 of 59
Answer Stats
Answer % Correct
ポッポ
70%
ピッピ
68%
プリン
66%
ミュウ
62%
ラッタ
57%
コイル
51%
ポカブ
50%
アーボ
49%
キモリ
48%
リオル
48%
ギアル
48%
ヤドン
47%
ゴース
46%
マリル
46%
サンド
45%
プテラ
45%
ロコン
43%
ブビィ
43%
ルギア
43%
ルリリ
40%
モノズ
39%
カブト
37%
スバメ
37%
コドラ
37%
パラス
36%
ビッパ
36%
ゴンベ
36%
シママ
36%
ナゲキ
36%
ダゲキ
36%
ヌオー
34%
ゾロア
34%
オタチ
33%
ウパー
33%
ロトム
33%
フシデ
33%
ムンナ
32%
モココ
31%
ムウマ
31%
ゴチム
31%
ウッウ
30%
クラブ
29%
エネコ
29%
マネネ
29%
キバゴ
26%
ヌメラ
26%
メテノ
25%
フーパ
24%
ドオー
24%
シシコ
23%
ブルー
22%
ダクマ
22%
ヨワシ
21%
ヤクデ
18%
セビエ
18%
クスネ
17%
ギモー
17%
コジオ
17%
ズピカ
13%
No matching quizzes found
Score Distribution
Percent of People with Each Score
Percentile by Number Answered
Your Score History
You have not taken this quiz